Podnikový manažment v procese ekonomickej transformácie a integrácie Slovenska do Európskej únie správa pre záverečnú oponentúru internej grantovej úlohy EÚ č. 415/99

Salvato in:
Dettagli Bibliografici
Autore principale: Vološin, Martin
Altri autori: Čarnický, Štefan, Varcholová, Tatiana, Čepelová, Anna, Mihalčová, Bohuslava, 1963-
Natura: Libro
Lingua:slovacco
Pubblicazione: Košice 2000
Soggetti:
Tags: Aggiungi Tag
Nessun Tag, puoi essere il primo ad aggiungerne!!

MARC

LEADER 00000nam$a2200000$$$4500
001 0112204
005 20240503084920.8
041 0 |a slo 
044 |a SK 
245 1 0 |a Podnikový manažment v procese ekonomickej transformácie a integrácie Slovenska do Európskej únie  |b správa pre záverečnú oponentúru internej grantovej úlohy EÚ č. 415/99  |c vedúci projektu Martin Vološin 
264 1 |a Košice  |c 2000 
300 |a 125 s. 
610 2 0 |a riadenie podnikové 
610 2 0 |a integrácia ekonomická medzinárodná 
610 2 0 |a transformácia 
610 2 0 |a Európska únia 
610 2 0 |a Slovensko 
100 1 |a Vološin, Martin 
700 1 |a Čarnický, Štefan 
700 1 |a Varcholová, Tatiana 
700 1 |a Čepelová, Anna 
700 1 |a Mihalčová, Bohuslava, 1963-